SACE two legal studies : (Record no. 193167)

MARC details
000 -LEADER
fixed length control field 01211nam a2200325 i 4500
003 - CONTROL NUMBER IDENTIFIER
control field MY-SjTCS
005 - DATE AND TIME OF LATEST TRANSACTION
control field 20260616160221.0
008 - FIXED-LENGTH DATA ELEMENTS--GENERAL INFORMATION
fixed length control field 230727s2025 xraa|||| |||| 00| 0 eng d
020 ## - INTERNATIONAL STANDARD BOOK NUMBER
International Standard Book Number 9781925505665
Qualifying information paperback
040 ## - CATALOGING SOURCE
Original cataloging agency SSL:NED
Language of cataloging eng
Description conventions rda
Transcribing agency SSL
Modifying agency SSL
-- MY-SjTCS
043 ## - GEOGRAPHIC AREA CODE
Geographic area code u-at---
082 04 - DEWEY DECIMAL CLASSIFICATION NUMBER
Classification number 349.94
Item number CIO 2025
100 1# - MAIN ENTRY--PERSONAL NAME
Personal name Cioffi, Danielle,
Relator term author.
9 (RLIN) 306195
245 10 - TITLE STATEMENT
Title SACE two legal studies :
Remainder of title workbook /
Statement of responsibility, etc. Danielle Cioffi, John McCall ; [lead editor, Peter Cavouras].
246 30 - VARYING FORM OF TITLE
Title proper/short title SACE2 legal studies
250 ## - EDITION STATEMENT
Edition statement Second edition.
264 #1 - PRODUCTION, PUBLICATION, DISTRIBUTION, MANUFACTURE, AND COPYRIGHT NOTICE
Place of production, publication, distribution, manufacture North Adelaide, SA :
Name of producer, publisher, distributor, manufacturer Adelaide Tuition Centre,
Date of production, publication, distribution, manufacture, or copyright notice 2025.
300 ## - PHYSICAL DESCRIPTION
Extent iv, 360 pages :
Other physical details illustrations ;
Dimensions 30 cm
336 ## - CONTENT TYPE
Content type term text
Source rdacontent
337 ## - MEDIA TYPE
Media type term unmediated
Source rdamedia
338 ## - CARRIER TYPE
Carrier type term volume
Source rdacarrier
500 ## - GENERAL NOTE
General note "Now with digital books online"--Cover.
650 #0 - SUBJECT ADDED ENTRY--TOPICAL TERM
Topical term or geographic name entry element Law
Geographic subdivision Australia.
9 (RLIN) 3996
650 #0 - SUBJECT ADDED ENTRY--TOPICAL TERM
Topical term or geographic name entry element Law
General subdivision Study and teaching (Secondary)
Geographic subdivision Australia
9 (RLIN) 304856
650 #0 - SUBJECT ADDED ENTRY--TOPICAL TERM
Topical term or geographic name entry element Law
General subdivision Study and teaching (Secondary)
9 (RLIN) 33079
700 1# - ADDED ENTRY--PERSONAL NAME
Personal name McCall, John,
Relator term author.
9 (RLIN) 306196
700 1# - ADDED ENTRY--PERSONAL NAME
Personal name Cavouras, Peter,
Relator term editor.
9 (RLIN) 3994
830 #0 - SERIES ADDED ENTRY--UNIFORM TITLE
Uniform title Essentials education series
9 (RLIN) 206846
920 ## - Programme
Programme SOPU : 339864, 375513, 375514, 375515, 375516
Holdings
Withdrawn status Lost status Source of classification or shelving scheme Damaged status Not for loan Home library Current library Date acquired Source of acquisition Cost, normal purchase price Inventory number Total Checkouts Barcode Date last seen Uniform Resource Identifier Cost, replacement price Price effective from Koha item type Public note
    Dewey Decimal Classification     Taylor's Library-TC Taylor's Library-TC 12/12/2025 123 304.61 700000457   5000174864 12/12/2025 Floor 2, Shelf 1 , Side 2, TierNo 1, BayNo 2 304.61 12/12/2025 Reserve Collection SOPUx,82010,03,RM
    Dewey Decimal Classification     Taylor's Library-TC Taylor's Library-TC 11/06/2026         5000179788 11/06/2026     11/06/2026 Teaching Resource SOPUx,82010,03,AD
    Dewey Decimal Classification     Taylor's Library-TC Taylor's Library-TC 11/06/2026         5000179785 11/06/2026     11/06/2026 Teaching Resource SOPUx,82010,03,AD
    Dewey Decimal Classification     Taylor's Library-TC Taylor's Library-TC 11/06/2026         5000179783 11/06/2026     11/06/2026 Teaching Resource SOPUx,82010,03,AD
    Dewey Decimal Classification     Taylor's Library-TC Taylor's Library-TC 11/06/2026         5000179784 11/06/2026     11/06/2026 Teaching Resource SOPUx,82010,03,AD